[Event "Mundial Juvenil femenino 2005 s18"]
[Site "Belfort FRA"]
[Date "2005.07.20"]
[Round "2.12"]
[White "Itkis, Khana"]
[Black "Savtchenko, Viktoria"]
[Result "1/2-1/2"]
[WhiteElo "2117"]
[BlackElo "2202"]
[PlyCount "72"]
[EventDate "2005.07.19"]
[EventType "swiss"]
[EventRounds "11"]
[EventCountry "FRA"]
[Source "lmi"]
[SourceDate "2005.07.31"]

1. c4 e6 2. g3 d5 3. Bg2 Nc6 4. Nf3 d4 5. d3 e5 6. O-O h6 7. b4 Bxb4 8. Nxe5
Nxe5 9. Qa4+ c6 10. Qxb4 Ne7 11. Qc5 f6 12. Bb2 Nf5 13. Be4 Qd6 14. Qxd6 Nxd6
15. Bxd4 Nxe4 16. Bxe5 Nxf2 17. Rxf2 fxe5 18. Nc3 Be6 19. Ne4 O-O-O 20. Rb1 b6
21. a4 Rhf8 22. a5 Rxf2 23. Kxf2 Kc7 24. Ke3 Bf5 25. Ra1 Kb7 26. axb6 axb6 27.
c5 Bxe4 28. Kxe4 b5 29. e3 Rd5 30. d4 exd4 31. exd4 Rd8 32. Rf1 Re8+ 33. Kd3
Re7 34. g4 Ka6 35. Ra1+ Kb7 36. Rf1 Ka6 1/2-1/2

[Event "Mundial Juvenil femenino 2005 s18"]
[Site "Belfort FRA"]
[Date "2005.07.20"]
[Round "2.13"]
[White "Raeva, Elitsa"]
[Black "Pintor, Ariana"]
[Result "1/2-1/2"]
[WhiteElo "2191"]
[BlackElo "2081"]
[PlyCount "80"]
[EventDate "2005.07.19"]
[EventType "swiss"]
[EventRounds "11"]
[EventCountry "FRA"]
[Source "lmi"]
[SourceDate "2005.07.31"]

1. d4 Nf6 2. c4 d6 3. Nc3 g6 4. e4 Bg7 5. Bd3 O-O 6. Nge2 c6 7. O-O e5 8. d5
cxd5 9. cxd5 Nbd7 10. h3 Ne8 11. Ng3 Nb6 12. f4 exf4 13. Bxf4 Nd7 14. Qd2 Ne5
15. Be2 a6 16. Rf2 Bd7 17. Raf1 b5 18. Bg5 f6 19. Be3 Rb8 20. b3 a5 21. Nd1 b4
22. Nb2 Nc7 23. Nc4 Nb5 24. Bd3 Re8 25. Ne2 Qe7 26. Nb6 Nxd3 27. Qxd3 f5 28.
Nf4 fxe4 29. Qc4 Nc3 30. Qc7 Bb5 31. Qxe7 Rxe7 32. Re1 Reb7 33. Nc4 Bxc4 34.
bxc4 a4 35. Ne6 Be5 36. Ref1 h5 37. Rf8+ Rxf8 38. Rxf8+ Kh7 39. Ng5+ Kg7 40.
Ne6+ Kh7 1/2-1/2

[Event "Mundial Juvenil femenino 2005 s18"]
[Site "Belfort FRA"]
[Date "2005.07.20"]
[Round "2.14"]
[White "Choisy, Mathilde"]
[Black "Ross, Laura"]
[Result "1/2-1/2"]
[WhiteElo "2113"]
[BlackElo "2170"]
[PlyCount "103"]
[EventDate "2005.07.19"]
[EventType "swiss"]
[EventRounds "11"]
[EventCountry "FRA"]
[Source "lmi"]
[SourceDate "2005.07.31"]

1. e4 c5 2. Nf3 Nc6 3. d4 cxd4 4. Nxd4 g6 5. Nc3 Bg7 6. Be3 Nf6 7. Bc4 Qa5 8.
O-O O-O 9. Bb3 d6 10. h3 Bd7 11. Re1 Rac8 12. Qe2 Rfe8 13. Rad1 Nb4 14. Nf3 Bc6
15. a3 Na6 16. Ng5 Rf8 17. Nd5 Bxd5 18. exd5 h6 19. Nf3 Nc5 20. Bxc5 Qxc5 21.
Qxe7 Rfe8 22. Qxb7 Ne4 23. Re2 Rc7 24. Qb4 Qxb4 25. axb4 Bxb2 26. Rde1 f5 27.
Nd2 Bc3 28. Nxe4 fxe4 29. Rxe4 Rb8 30. Re8+ Rxe8 31. Rxe8+ Kf7 32. Rb8 Re7 33.
Bc4 Re1+ 34. Kh2 Rb1 35. Rb7+ Kf6 36. b5 Bd4 37. Rd7 Bc5 38. Rd8 Re1 39. Bd3
Re7 40. Rg8 Rg7 41. Re8 Re7 42. Rg8 Rg7 43. Re8 Re7 44. Rxe7 Kxe7 45. Kg3 Kf6
46. f4 h5 47. Kf3 h4 48. g4 g5 49. Ke4 Ba3 50. c4 Bc5 51. fxg5+ Kxg5 52. Bc2
1/2-1/2

[Event "Mundial Juvenil femenino 2005 s18"]
[Site "Belfort FRA"]
[Date "2005.07.20"]
[Round "2.15"]
[White "Swaminathan, Soumya"]
[Black "Pineda Dominguez, Pamela Marcela"]
[Result "1-0"]
[WhiteElo "2166"]
[BlackElo "1599"]
[PlyCount "51"]
[EventDate "2005.07.19"]
[EventType "swiss"]
[EventRounds "11"]
[EventCountry "FRA"]
[Source "lmi"]
[SourceDate "2005.07.31"]

1. e4 c5 2. Nf3 d6 3. d4 cxd4 4. Nxd4 Nf6 5. Nc3 a6 6. f3 e6 7. Be3 b5 8. g4
Be7 9. g5 Nfd7 10. Qd2 Bb7 11. a3 Qc7 12. f4 Nc5 13. Bg2 Nc6 14. b4 Nd7 15.
Nce2 Rg8 16. O-O Rc8 17. Nxc6 Bxc6 18. Nd4 Bb7 19. Qf2 g6 20. Rad1 e5 21. fxe5
Nxe5 22. Bh3 Rd8 23. Nf3 Bf8 24. Nxe5 dxe5 25. Rxd8+ Kxd8 26. Bb6 1-0

[Event "Mundial Juvenil femenino 2005 s18"]
[Site "Belfort FRA"]
[Date "2005.07.20"]
[Round "2.17"]
[White "Untila, Stela"]
[Black "Vinuthna, N."]
[Result "0-1"]
[WhiteElo "2065"]
[BlackElo "2268"]
[PlyCount "94"]
[EventDate "2005.07.19"]
[EventType "swiss"]
[EventRounds "11"]
[EventCountry "FRA"]
[Source "lmi"]
[SourceDate "2005.07.31"]

1. c4 g6 2. Nc3 Bg7 3. g3 d6 4. Bg2 e5 5. d3 Nc6 6. e4 Nf6 7. Nge2 O-O 8. O-O
Nh5 9. Be3 Nd4 10. Rb1 c6 11. h3 a5 12. a3 Be6 13. Kh2 Qd7 14. f4 Nxe2 15. Qxe2
exf4 16. Bxf4 Nxf4 17. Rxf4 Be5 18. Rff1 h5 19. Qe3 h4 20. Ne2 hxg3+ 21. Nxg3
Kg7 22. Kg1 Rh8 23. Rf3 c5 24. Ne2 Rh7 25. b4 b6 26. bxa5 bxa5 27. Kf1 Rah8 28.
Ng1 Qa4 29. Qc1 Rc8 30. Ne2 Rhh8 31. Nf4 Bd7 32. Nd5 Qc6 33. Qd2 a4 34. Qf2 Be6
35. Qc2 Rb8 36. Kg1 Qd7 37. Rxb8 Rxb8 38. Nc3 Qd8 39. Rf1 Qc8 40. Rb1 Rxb1+ 41.
Qxb1 Bxh3 42. Bf3 Bg4 43. Bg2 Qh8 44. Qc2 Qh2+ 45. Kf2 Qf4+ 46. Ke1 Qe3+ 47.
Kf1 Bh2 0-1

[Event "Mundial Juvenil femenino 2005 s18"]
[Site "Belfort FRA"]
[Date "2005.07.20"]
[Round "2.18"]
[White "Rudovska, Elina"]
[Black "Szczepkowska, Karina"]
[Result "0-1"]
[WhiteElo "1599"]
[BlackElo "2245"]
[PlyCount "90"]
[EventDate "2005.07.19"]
[EventType "swiss"]
[EventRounds "11"]
[EventCountry "FRA"]
[Source "lmi"]
[SourceDate "2005.07.31"]

1. d4 d6 2. c4 g6 3. e4 Bg7 4. Nc3 Nf6 5. Bd3 Nc6 6. Nge2 e5 7. d5 Ne7 8. O-O
O-O 9. f4 exf4 10. Bxf4 Ng4 11. Rc1 f5 12. h3 Ne5 13. b4 a5 14. a3 axb4 15.
axb4 h6 16. c5 g5 17. Bxe5 Bxe5 18. exf5 Nxf5 19. Bxf5 Bxf5 20. Nd4 Bg6 21.
Rxf8+ Qxf8 22. Ne6 Qf6 23. Nb5 Ra2 24. Qf1 Qxf1+ 25. Rxf1 Bd3 26. Rf8+ Kh7 27.
Nbxc7 Bg3 28. Ra8 Ba6 29. Nxa6 bxa6 30. Kf1 dxc5 31. bxc5 Rf2+ 32. Ke1 Rf7+ 33.
Ke2 Bc7 34. Kd3 Kg6 35. Kc4 Ba5 36. c6 Kf6 37. Nc5 Ke5 38. Nxa6 Kd6 39. g3 Rf1
40. Kb5 Bc7 41. Nxc7 Kxc7 42. Kc5 Rc1+ 43. Kb5 Kd6 44. Kb6 Kxd5 45. Kb7 Rxc6
0-1

[Event "Mundial Juvenil femenino 2005 s18"]
[Site "Belfort FRA"]
[Date "2005.07.20"]
[Round "2.20"]
[White "Isgandarova, Khayala"]
[Black "Cosovic, Azra"]
[Result "1-0"]
[WhiteElo "2037"]
[BlackElo "1599"]
[PlyCount "57"]
[EventDate "2005.07.19"]
[EventType "swiss"]
[EventRounds "11"]
[EventCountry "FRA"]
[Source "lmi"]
[SourceDate "2005.07.31"]

1. e4 e5 2. d4 exd4 3. c3 d6 4. cxd4 Nf6 5. Nc3 Nc6 6. h3 Be7 7. Nf3 O-O 8. Bd3
h6 9. Be3 b6 10. a3 Bb7 11. Qc2 Qd7 12. g4 Nd8 13. Qd2 Re8 14. Bxh6 Bf8 15. Qf4
Qe7 16. Bg5 Ne6 17. Qe3 Nxg5 18. Nxg5 g6 19. O-O Bh6 20. f4 Bxg5 21. fxg5 Nxe4
22. Bxe4 d5 23. Rae1 dxe4 24. d5 Rad8 25. Nxe4 Kf8 26. Qf2 Ba6 27. Nf6 Qc5 28.
Rxe8+ Rxe8 29. Nxe8 1-0

[Event "Mundial Juvenil femenino 2005 s18"]
[Site "Belfort FRA"]
[Date "2005.07.21"]
[Round "3.1"]
[White "Vega Gutierrez, Sabrina"]
[Black "Zawadzka, Jolanta"]
[Result "1/2-1/2"]
[WhiteElo "2262"]
[BlackElo "2402"]
[PlyCount "64"]
[EventDate "2005.07.19"]
[EventType "swiss"]
[EventRounds "11"]
[EventCountry "FRA"]
[Source "lmi"]
[SourceDate "2005.07.31"]

1. e4 c5 2. Nf3 Nc6 3. Bb5 g6 4. O-O Bg7 5. c3 Nf6 6. Qa4 O-O 7. d4 cxd4 8.
cxd4 d5 9. e5 Nd7 10. Bxc6 Nb6 11. Qa5 bxc6 12. b3 f6 13. Bf4 g5 14. exf6 exf6
15. Be3 g4 16. Ne1 Bf5 17. Nc3 Qd6 18. Rc1 Bg6 19. g3 Rfe8 20. Ng2 Be4 21. Nxe4
Rxe4 22. Rc2 Qd7 23. Qd2 f5 24. f3 gxf3 25. Rxf3 Rae8 26. Qc1 R4e6 27. Rcf2 Nc8
28. Rxf5 Nd6 29. R5f3 Nb5 30. Qc5 Nd6 31. Qc1 Nb5 32. Qc5 Nd6 1/2-1/2

[Event "Mundial Juvenil femenino 2005 s18"]
[Site "Belfort FRA"]
[Date "2005.07.21"]
[Round "3.2"]
[White "Batkhuyag, Munguntuul"]
[Black "Borosova, Zuzana"]
[Result "0-1"]
[WhiteElo "2391"]
[BlackElo "2222"]
[PlyCount "73"]
[EventDate "2005.07.19"]
[EventType "swiss"]
[EventRounds "11"]
[EventCountry "FRA"]
[Source "lmi"]
[SourceDate "2005.07.31"]

1. e4 e5 2. Nf3 Nc6 3. Bb5 a6 4. Ba4 Nf6 5. O-O Be7 6. Re1 b5 7. Bb3 O-O 8. h3
Bb7 9. d3 h6 10. a3 Re8 11. Nc3 Bf8 12. Nd5 Nxd5 13. Bxd5 Qf6 14. Nh2 Nd8 15.
Ba2 d6 16. Ng4 Qg6 17. Ne3 Bc8 18. Nd5 Bxh3 19. Qf3 Bg4 20. Qg3 Ne6 21. Kf1 Bh5
22. Qh2 c6 23. Ne3 Nf4 24. f3 Qf6 25. g3 Bxf3 26. gxf4 Qxf4 27. Qxf4 exf4 28.
Nf5 g5 29. Nd4 Bh5 30. Nxc6 Bg7 31. c3 f3 32. Kf2 g4 33. Rh1 Bg6 34. Bxh6 Bf6
35. Rag1 Rac8 36. Ke1 Rb8 37. Bd5 0-1

[Event "Mundial Juvenil femenino 2005 s18"]
[Site "Belfort FRA"]
[Date "2005.07.21"]
[Round "3.5"]
[White "Stefan, Elisabeta-Elena"]
[Black "Melia, Salome"]
[Result "0-1"]
[WhiteElo "2105"]
[BlackElo "2305"]
[PlyCount "98"]
[EventDate "2005.07.19"]
[EventType "swiss"]
[EventRounds "11"]
[EventCountry "FRA"]
[Source "lmi"]
[SourceDate "2005.07.31"]

1. e4 c6 2. d4 d5 3. e5 Bf5 4. Be3 e6 5. Nf3 Nd7 6. Bd3 Ne7 7. O-O Qb6 8. Bxf5
Nxf5 9. Qc1 Be7 10. Nbd2 O-O 11. c4 Nxe3 12. fxe3 f6 13. exf6 Bxf6 14. c5 Qc7
15. e4 e5 16. exd5 cxd5 17. dxe5 Nxe5 18. Nxe5 Qxe5 19. Nf3 Qxb2 20. Qxb2 Bxb2
21. Rab1 Ba3 22. Rxb7 Bxc5+ 23. Kh1 Rab8 24. Rd7 Rbd8 25. Rxd8 Rxd8 26. Ne5 Re8
27. Nd3 Bb6 28. h3 d4 29. Kg1 Re3 30. Rd1 Re2 31. Nc1 Rb2 32. Kf1 Rb1 33. Ke2
Ra1 34. Kd3 Bd8 35. Kc2 Bg5 36. Kb2 Rxc1 37. Rxc1 Bxc1+ 38. Kxc1 Kf7 39. Kd2
Ke6 40. Kd3 Kd5 41. a3 a6 42. g3 g6 43. g4 g5 44. a4 a5 45. Kd2 Kc4 46. Kc2 d3+
47. Kd2 Kd4 48. Kd1 Ke3 49. Kc1 d2+ 0-1

[Event "Mundial Juvenil femenino 2005 s18"]
[Site "Belfort FRA"]
[Date "2005.07.21"]
[Round "3.7"]
[White "Vinuthna, N."]
[Black "Kulovana, Eva"]
[Result "0-1"]
[WhiteElo "2268"]
[BlackElo "2137"]
[PlyCount "75"]
[EventDate "2005.07.19"]
[EventType "swiss"]
[EventRounds "11"]
[EventCountry "FRA"]
[Source "lmi"]
[SourceDate "2005.07.31"]

1. e4 c6 2. d4 d5 3. exd5 cxd5 4. c4 Nc6 5. Nc3 Nf6 6. Nf3 Bg4 7. Be3 e6 8. Be2
dxc4 9. Bxc4 Bb4 10. O-O O-O 11. h3 Bxf3 12. Qxf3 Nxd4 13. Qxb7 Nc2 14. Rac1
Nxe3 15. fxe3 Bc5 16. Nd1 Qb6 17. Qf3 Rad8 18. Rc2 Nd5 19. Re2 Ne7 20. Rfe1 Nf5
21. Nf2 Bd6 22. Bd3 Ng3 23. Rc2 Bb8 24. Ne4 Nxe4 25. Bxe4 f5 26. Bc6 Qc7 27.
Ba4 Qh2+ 28. Kf1 Bg3 29. Rec1 e5 30. Bb3+ Kh8 31. Ke2 e4 32. Qf1 f4 33. exf4
Bxf4 34. Rd1 Rxd1 35. Kxd1 Rd8+ 36. Ke2 Qg3 37. Qf2 Qd3+ 38. Ke1 0-1

[Event "Mundial Juvenil femenino 2005 s18"]
[Site "Belfort FRA"]
[Date "2005.07.21"]
[Round "3.8"]
[White "Martirosyan, Lia"]
[Black "Hoang, Thi Bao Tram"]
[Result "0-1"]
[WhiteElo "2120"]
[BlackElo "2267"]
[PlyCount "174"]
[EventDate "2005.07.19"]
[EventType "swiss"]
[EventRounds "11"]
[EventCountry "FRA"]
[Source "lmi"]
[SourceDate "2005.07.31"]

1. d4 d5 2. Nf3 Nf6 3. Bg5 c6 4. Nbd2 Ne4 5. Bf4 Bf5 6. e3 e6 7. c3 Nd7 8. h3
Be7 9. Be2 Qb6 10. Qb3 O-O 11. O-O c5 12. Nxe4 Bxe4 13. Nd2 Bg6 14. Bf3 cxd4
15. exd4 Rac8 16. Rfe1 Rfe8 17. Nf1 Bd3 18. Ne3 Nf6 19. Red1 Qa6 20. c4 dxc4
21. Qxb7 c3 22. bxc3 Rxc3 23. Rdc1 Qxb7 24. Bxb7 Bb4 25. Be5 Be4 26. Ba6 Nd5
27. Nxd5 Bxd5 28. Rxc3 Bxc3 29. Rc1 Ba5 30. a3 Bb6 31. Rd1 Rd8 32. f3 f6 33.
Bg3 Bb3 34. Rb1 Ba2 35. Rc1 Bxd4+ 36. Bf2 Bxf2+ 37. Kxf2 Rd2+ 38. Kg3 Rd7 39.
Bc4 Bxc4 40. Rxc4 Kf7 41. Ra4 Kg6 42. Kf2 Kf5 43. Ke3 Ke5 44. f4+ Kd5 45. Ra5+
Kc4 46. Ra6 Re7 47. Ra5 e5 48. Kf3 Kd4 49. fxe5 fxe5 50. Ke2 Rb7 51. Ra4+ Kd5
52. Ra5+ Ke4 53. Ra4+ Kf5 54. g3 g6 55. Ke3 h5 56. Ke2 h4 57. Rxh4 Rb3 58. Ra4
Rxg3 59. h4 Rg4 60. Rxa7 Rxh4 61. a4 Ke4 62. Rg7 Rh2+ 63. Kf1 Kf5 64. Rf7+ Ke6
65. Ra7 Ra2 66. a5 Kf5 67. Rf7+ Ke4 68. Rg7 Kf3 69. Rf7+ Ke3 70. Rg7 Kf3 71.
Rf7+ Ke4 72. Ra7 Kf3 73. Rf7+ Ke3 74. Rg7 Rxa5 75. Rxg6 Ra1+ 76. Kg2 e4 77. Rb6
Rd1 78. Re6 Rd2+ 79. Kf1 Rf2+ 80. Kg1 Rf5 81. Ra6 Rd5 82. Rh6 Ke2 83. Rh2+ Ke1
84. Rh3 Rg5+ 85. Kh2 Kf2 86. Rh8 e3 87. Rf8+ Ke1 0-1

[Event "Mundial Juvenil femenino 2005 s18"]
[Site "Belfort FRA"]
[Date "2005.07.21"]
[Round "3.9"]
[White "Pintor, Ariana"]
[Black "Pourkashiyan, Atousa"]
[Result "0-1"]
[WhiteElo "2081"]
[BlackElo "2261"]
[PlyCount "108"]
[EventDate "2005.07.19"]
[EventType "swiss"]
[EventRounds "11"]
[EventCountry "FRA"]
[Source "lmi"]
[SourceDate "2005.07.31"]

1. d4 d5 2. c4 e6 3. Nc3 Nf6 4. Bg5 Be7 5. e3 O-O 6. Nf3 Nbd7 7. Qc2 c5 8. cxd5
Nxd5 9. Bxe7 Nxe7 10. Bd3 cxd4 11. Nxd4 Nf6 12. O-O e5 13. Nf5 Nc6 14. a3 g6
15. Ng3 Be6 16. Rfd1 Qe7 17. b4 Rac8 18. Qb2 Nd7 19. Rac1 f5 20. f4 Nf6 21. h3
Bf7 22. Qf2 Rfd8 23. e4 exf4 24. Qxf4 Qe5 25. Nce2 Qxf4 26. Nxf4 Bb3 27. Re1
fxe4 28. Nxe4 Kg7 29. Ng5 Re8 30. Nge6+ Kg8 31. Rb1 Ba2 32. Rbc1 a6 33. Re2 Nd4
34. Nxd4 Rxc1+ 35. Kh2 Rxe2 36. Ndxe2 Rc7 37. b5 axb5 38. Bxb5 Bc4 39. a4 Bxb5
40. axb5 Rc5 41. Nd4 Rc4 42. Nfe6 Ne4 43. g4 Nc5 44. Kg3 Nxe6 45. Nxe6 Rb4 46.
Nc7 Rb3+ 47. Kf4 Rxh3 48. Ke5 Rg3 49. Kd6 Rxg4 50. Kc5 h5 51. Kb6 h4 52. Kxb7
h3 53. b6 h2 54. Kc8 h1=Q 0-1

[Event "Mundial Juvenil femenino 2005 s18"]
[Site "Belfort FRA"]
[Date "2005.07.21"]
[Round "3.10"]
[White "Savtchenko, Viktoria"]
[Black "Choisy, Mathilde"]
[Result "1-0"]
[WhiteElo "2202"]
[BlackElo "2113"]
[PlyCount "67"]
[EventDate "2005.07.19"]
[EventType "swiss"]
[EventRounds "11"]
[EventCountry "FRA"]
[Source "lmi"]
[SourceDate "2005.07.31"]

1. e4 c5 2. Nf3 e6 3. Nc3 a6 4. g3 Nc6 5. Bg2 Nge7 6. O-O d6 7. a4 Rb8 8. d3 g6
9. Be3 Bg7 10. d4 cxd4 11. Nxd4 O-O 12. h3 Qc7 13. Qd2 b6 14. Rad1 Rd8 15. f4
Bb7 16. Kh2 Rbc8 17. Nxc6 Bxc6 18. Qf2 Rb8 19. Bd4 b5 20. axb5 axb5 21. Bxg7
Kxg7 22. Ne2 Qb7 23. g4 Kg8 24. f5 exf5 25. exf5 Bxg2 26. fxg6 Bd5 27. gxf7+
Kf8 28. Qd4 Bxf7 29. Qh8+ Ng8 30. Qxh7 Re8 31. Nf4 Re3 32. Rxd6 Qc7 33. Ng6+
Ke8 34. Qxg8+ 1-0

[Event "Mundial Juvenil femenino 2005 s18"]
[Site "Belfort FRA"]
[Date "2005.07.21"]
[Round "3.12"]
[White "Ross, Laura"]
[Black "Itkis, Khana"]
[Result "1/2-1/2"]
[WhiteElo "2170"]
[BlackElo "2117"]
[PlyCount "33"]
[EventDate "2005.07.19"]
[EventType "swiss"]
[EventRounds "11"]
[EventCountry "FRA"]
[Source "lmi"]
[SourceDate "2005.07.31"]

1. e4 d6 2. d4 Nf6 3. Nc3 g6 4. Nf3 Bg7 5. Be2 O-O 6. O-O Bg4 7. h3 Bxf3 8.
Bxf3 e5 9. dxe5 dxe5 10. Bg5 c6 11. Qxd8 Rxd8 12. Rfd1 Na6 13. a3 Nc7 14. Be3
Ne6 15. Rxd8+ Nxd8 16. Rd1 Ne6 17. Kf1 1/2-1/2

[Event "Mundial Juvenil femenino 2005 s18"]
[Site "Belfort FRA"]
[Date "2005.07.21"]
[Round "3.13"]
[White "Majdan, Joanna"]
[Black "Isgandarova, Khayala"]
[Result "1-0"]
[WhiteElo "2219"]
[BlackElo "2037"]
[PlyCount "119"]
[EventDate "2005.07.19"]
[EventType "swiss"]
[EventRounds "11"]
[EventCountry "FRA"]
[Source "lmi"]
[SourceDate "2005.07.31"]

1. e4 e6 2. d4 d5 3. Nc3 Nf6 4. Bg5 Be7 5. e5 Nfd7 6. Bxe7 Qxe7 7. f4 a6 8. Nf3
c5 9. dxc5 Nc6 10. Bd3 Qxc5 11. Qd2 b5 12. h4 Nb6 13. Qf2 Qxf2+ 14. Kxf2 Nc4
15. b3 Nb6 16. a4 b4 17. Ne2 a5 18. Ned4 Nxd4 19. Nxd4 Ba6 20. Rac1 Kd7 21. h5
Bxd3 22. cxd3 Rac8 23. h6 g6 24. Nf3 d4 25. Nxd4 Nd5 26. Ne2 g5 27. g3 Rhg8 28.
Kf3 f6 29. exf6 gxf4 30. f7 Rgf8 31. Rxc8 Kxc8 32. gxf4 Rxf7 33. Rg1 Kd7 34.
Rg8 Ne7 35. Ra8 Nc6 36. Rh8 Ne7 37. Ke4 Nd5 38. Ra8 Nc3+ 39. Ke3 Nd5+ 40. Kf3
Kd6 41. Ra6+ Kd7 42. Ra7+ Ke8 43. Ra8+ Kd7 44. Rxa5 Rf6 45. Ra7+ Nc7 46. Rb7
Rxh6 47. Rxb4 Rh3+ 48. Ng3 h5 49. Kg2 Rh4 50. Rc4 Nd5 51. Re4 Rxf4 52. Nxh5
Rxe4 53. dxe4 Nc3 54. Kf3 Kc6 55. Nf4 Kd6 56. Ke3 Nd1+ 57. Ke2 Nc3+ 58. Kd3 Nd1
59. Nh3 Kc5 60. Kd2 1-0

[Event "Mundial Juvenil femenino 2005 s18"]
[Site "Belfort FRA"]
[Date "2005.07.21"]
[Round "3.15"]
[White "Estrada Gaspar, Nelly"]
[Black "Gilbert, Jessie"]
[Result "1-0"]
[WhiteElo "1994"]
[BlackElo "2151"]
[PlyCount "93"]
[EventDate "2005.07.19"]
[EventType "swiss"]
[EventRounds "11"]
[EventCountry "FRA"]
[Source "lmi"]
[SourceDate "2005.07.31"]

1. f4 Nf6 2. Nf3 g6 3. e3 Bg7 4. d4 d5 5. Bd3 c5 6. c3 Nc6 7. O-O Bg4 8. Nbd2
e6 9. Qe1 Bxf3 10. Nxf3 Ne4 11. b3 Qb6 12. Ba3 cxd4 13. exd4 Nxd4 14. cxd4
Bxd4+ 15. Kh1 Nf2+ 16. Rxf2 Bxf2 17. Qc3 d4 18. Qc4 Be3 19. Ne5 Qa5 20. Qb5+
Qxb5 21. Bxb5+ Kd8 22. Nxf7+ Kc7 23. Nxh8 Rxh8 24. g3 g5 25. fxg5 Bxg5 26. Re1
Be3 27. Bc1 Bxc1 28. Rxc1+ Kd6 29. Kg2 a6 30. Bd3 e5 31. Rc2 h6 32. Kf3 Rf8+
33. Kg4 Rf6 34. h4 h5+ 35. Kh3 Rf3 36. Be4 Re3 37. Bxb7 d3 38. Rd2 a5 39. Kg2
Kc5 40. Kf2 Kd4 41. Bg2 e4 42. a3 Re2+ 43. Rxe2 dxe2 44. Kxe2 Kc3 45. b4 axb4
46. axb4 Kxb4 47. Bxe4 1-0

[Event "Mundial Juvenil femenino 2005 s18"]
[Site "Belfort FRA"]
[Date "2005.07.21"]
[Round "3.16"]
[White "Morales Mendoza, Luciana"]
[Black "Iza Abete, Amaia"]
[Result "1-0"]
[WhiteElo "2149"]
[BlackElo "1992"]
[PlyCount "137"]
[EventDate "2005.07.19"]
[EventType "swiss"]
[EventRounds "11"]
[EventCountry "FRA"]
[Source "lmi"]
[SourceDate "2005.07.31"]

1. Nf3 Nf6 2. d4 e6 3. e3 d5 4. c4 Be7 5. Nc3 O-O 6. Be2 Nbd7 7. O-O dxc4 8.
Bxc4 a6 9. a3 b5 10. Ba2 Bb7 11. Qe2 c5 12. Rd1 Qc7 13. h3 Rfd8 14. Bd2 Rac8
15. Rac1 Qb8 16. Bb1 Qa8 17. Na2 c4 18. Ba5 Re8 19. Nc3 Nb8 20. Na2 Nc6 21. Be1
Bd8 22. e4 Ne7 23. e5 Nfd5 24. Bd2 Ng6 25. Ne1 Bb6 26. Be3 Ba5 27. Nc3 Bxc3 28.
bxc3 Qb8 29. g3 Qc7 30. Bd2 Qa5 31. h4 Qxa3 32. h5 Nf8 33. Be4 Qe7 34. h6 g6
35. Qf3 Nd7 36. Qg2 f5 37. Bf3 Rf8 38. Ra1 N7b6 39. Nc2 Ra8 40. Bc1 Rfd8 41.
Ba3 Qg5 42. Bc1 Qe7 43. Ba3 Qg5 44. Bc1 Qe7 45. Ba3 Qd7 46. Rdc1 Na4 47. Ne3
Ra7 48. Nxd5 Bxd5 49. Bd6 Bb7 50. Rxa4 bxa4 51. Rb1 Bxf3 52. Qxf3 a3 53. Bxa3
Qd5 54. Qxd5 exd5 55. f4 Kf7 56. Rb6 a5 57. Bc5 Rc7 58. Rf6+ Kg8 59. Bb6 Rcc8
60. Bxd8 Rxd8 61. Ra6 Rd7 62. e6 Rd8 63. Rxa5 Kf8 64. Ra7 Re8 65. Rf7+ Kg8 66.
Rg7+ Kh8 67. e7 Rb8 68. Kf2 Re8 69. Kg2 1-0

[Event "Mundial Juvenil femenino 2005 s18"]
[Site "Belfort FRA"]
[Date "2005.07.21"]
[Round "3.17"]
[White "Hanova, Gulnar"]
[Black "Sarquis, Maria Belen"]
[Result "0-1"]
[WhiteElo "1988"]
[BlackElo "2149"]
[PlyCount "42"]
[EventDate "2005.07.19"]
[EventType "swiss"]
[EventRounds "11"]
[EventCountry "FRA"]
[Source "lmi"]
[SourceDate "2005.07.31"]

1. d4 Nf6 2. e3 g6 3. Bd3 Bg7 4. Nd2 d6 5. Ngf3 Nbd7 6. c4 e5 7. d5 Nc5 8. Bc2
e4 9. Nd4 Bg4 10. f3 exf3 11. N2xf3 a5 12. O-O O-O 13. Qe1 Nfe4 14. Rb1 Qe7 15.
Nd2 Bh6 16. a3 a4 17. Kh1 Bd7 18. Qe2 Rae8 19. Nxe4 Nxe4 20. Qf3 Qh4 21. b4 Bg4
0-1

[Event "Mundial Juvenil femenino 2005 s18"]
[Site "Belfort FRA"]
[Date "2005.07.21"]
[Round "3.19"]
[White "Cochet, Caroline"]
[Black "Ergasheva, Sarvinos"]
[Result "1-0"]
[WhiteElo "2136"]
[BlackElo "1954"]
[PlyCount "51"]
[EventDate "2005.07.19"]
[EventType "swiss"]
[EventRounds "11"]
[EventCountry "FRA"]
[Source "lmi"]
[SourceDate "2005.07.31"]

1. e4 c5 2. Nf3 Nc6 3. Bb5 g6 4. Bxc6 dxc6 5. d3 Bg7 6. h3 Nf6 7. Nc3 O-O 8.
Be3 b6 9. Qd2 Re8 10. O-O Ba6 11. Nh2 e6 12. f4 Nd7 13. Kh1 Qe7 14. Rae1 Rad8
15. f5 Ne5 16. Qf2 f6 17. Ng4 Nxg4 18. hxg4 g5 19. e5 h6 20. Ne4 exf5 21. exf6
Bxf6 22. Qxf5 Bxb2 23. Bc1 Bd4 24. Nxg5 Bc8 25. Qg6+ Kh8 26. Nf7+ 1-0

[Event "Mundial Juvenil femenino 2005 s18"]
[Site "Belfort FRA"]
[Date "2005.07.22"]
[Round "4.1"]
[White "Dauletova, Gulmira"]
[Black "Batkhuyag, Munguntuul"]
[Result "0-1"]
[WhiteElo "2122"]
[BlackElo "2391"]
[PlyCount "108"]
[EventDate "2005.07.19"]
[EventType "swiss"]
[EventRounds "11"]
[EventCountry "FRA"]
[Source "lmi"]
[SourceDate "2005.07.31"]

1. e4 c5 2. Nf3 e6 3. d4 cxd4 4. Nxd4 a6 5. Bd3 Bc5 6. Nb3 Ba7 7. O-O Nc6 8. a4
d6 9. Nc3 Nf6 10. Bf4 h6 11. Be2 e5 12. Bg3 Be6 13. Qd2 Nd4 14. Nc1 O-O 15. Kh1
Rc8 16. Bd3 Nh5 17. N1e2 Qa5 18. Qd1 Rfe8 19. b4 Qd8 20. Rb1 Bg4 21. Qd2 Qg5
22. Qxg5 hxg5 23. Nxd4 Rxc3 24. Nb3 g6 25. Na5 Rc7 26. b5 axb5 27. axb5 Bc5 28.
b6 Rce7 29. Bc4 Kg7 30. Bd5 Bc8 31. Rb5 f5 32. Rxc5 dxc5 33. f3 Nxg3+ 34. hxg3
fxe4 35. fxe4 Rf8 36. Rb1 Rf2 37. c4 Rf6 38. Kg1 Re8 39. g4 Bxg4 40. Bxb7 Rb8
41. Bc6 Be2 42. b7 Bxc4 43. Rc1 Ba6 44. Rxc5 g4 45. Bd5 g3 46. Rc1 g5 47. Nb3
Rbf8 48. Nd2 Kh6 49. Rb1 Rb8 50. Nf3 Bxb7 51. Nxe5 Ba6 52. Ra1 Rfb6 53. Ba2 Rb2
54. Nc4 Rxa2 0-1

[Event "Mundial Juvenil femenino 2005 s18"]
[Site "Belfort FRA"]
[Date "2005.07.22"]
[Round "4.3"]
[White "Melia, Salome"]
[Black "Zawadzka, Jolanta"]
[Result "0-1"]
[WhiteElo "2305"]
[BlackElo "2402"]
[PlyCount "78"]
[EventDate "2005.07.19"]
[EventType "swiss"]
[EventRounds "11"]
[EventCountry "FRA"]
[Source "lmi"]
[SourceDate "2005.07.31"]

1. e4 c5 2. Nf3 Nc6 3. d4 cxd4 4. Nxd4 Nf6 5. Nc3 d6 6. Bg5 e6 7. Qd2 a6 8.
O-O-O h6 9. Be3 Be7 10. f4 Bd7 11. Be2 b5 12. Bf3 Rc8 13. Kb1 Nxd4 14. Bxd4 Bc6
15. Qe3 Qc7 16. a3 O-O 17. g4 Nd7 18. Qf2 a5 19. g5 hxg5 20. fxg5 b4 21. Na2 e5
22. Be3 Qb7 23. Qg2 bxa3 24. b3 a4 25. b4 Bb5 26. c3 Bc4 27. Rc1 Nc5 28. Bxc5
dxc5 29. g6 cxb4 30. cxb4 Bxb4 31. Ka1 Bxa2 32. Kxa2 Bc3 33. Bd1 Qc6 34. Qe2
Qe6+ 35. Kxa3 Bb4+ 36. Kxb4 Rxc1 37. gxf7+ Rxf7 38. Bxa4 Qd6+ 39. Kb3 Rxh1 0-1